Федина Константина

Доступно только в Электронных читальных залах Найти на картеНа карте
RUSMARC
00003763nac2a22002771x 450
001c96f6ae6-cb19-4a34-9311-74b947d5f944
00520131106062428.0
100##$a20130605l1921 k y0rusy50 ca
1010#$arus
102##$aRU
105##$ay z |||||
1220#$ad19211227
2001#$aФедина Константина
$j27 декабря 1921
215##$a1 лист
251##$cДело
300##$aЗаголовок дела на папке: Письмо Константина Федина Кони А. Ф.
300##$aРукописный текст
330##$aПереписка А. Ф. Кони; Письма к А. Ф. Кони
461#0$10013a54f2e3-e9cf-409b-80fa-f0a9bd3c40cb
$12001
$aКони Анатолий Федорович, юрист, литератор, член академии наук, председатель Санкт-Петербургского окружного суда, член государственного совета
$1251
$cФонд
$1852
$j564
462#0$100178a475cd-a47d-4377-bff3-cee4b81de655
$12001
$aОпись дел фонда А. Ф. Кони за 1880-1931 гг.
$1251
$cОпись
$1852
$j1
517##$aПисьмо Константина Федина Кони А. Ф.
600#1$aКони
$bА. Ф.
$f1844-1927
$gАнатолий Федорович
600#1$aФедин
$bК.
$gКонстантин
801#0$aRU
$bGA_RF
801#1$aRU
$bНПО Опыт
$c20130605
$2rusmarc
801#2$aRU
$bПБ им. Б.Н. Ельцина
$c20131106
$gRCR
$2rusmarc
852##$aГА РФ
$j3542
937##$d40869869
$hПБ
035##$aRuPRLIB51006168
Формат отображения